000 00746naa a22002297u 4500
001 18857
003 HDC
007 cr bn ---aaaaa
008 210228t200905 xx 000 0 eng
040 _aHDC
245 0 _aMuslims and Halal in Serbia
260 _a[No place] :
_b[publisher not identified],
_c[no year]
336 _atext
_2rdacontent
337 _acomputer
_2rdamedia
338 _aonline resource
_2rdacarrier
650 _aHalal food industry
_xCertification
_9415
650 _aMuslims
_9247
856 _zRequest full-text at [email protected]
942 _2lcc
942 _cEIJ
942 _kEMAG 000702
999 _c16173
_d16173